000 00625nam a22001937a 4500
999 _c259044
_d259043
003 OSt
005 20221110122803.0
008 221110b xxu||||| |||| 00| 0 eng d
010 _a2006023384
020 _a0805368426
040 _aDLC
_bEng
_cDLC
_erda
050 _aQH308.2
_bC343 2007
100 _aCampbell, Neil A.,
_d 1946-2004.
245 _aEssential biology /
_c Neil A. Campbell, Jane B. Reece, Eric J. Simon.
250 _a3rd ed
260 _aSan Francisco :
_bPearson/Benjamin Cummings
_c2007
300 _a xxxii, 462, [42] p. :
_bcol. ill., col. maps ;
_c 28 cm.
_e + 1 CD-ROM (4 3/4 in.)
942 _cBK
_2lcc